[Event "55smm A Ehrenburg-Arci"]
[Site "?"]
[Date "2023.12.02"]
[Round "3.2"]
[White "Hengl, Christian"]
[Black "Olivetti, Davide"]
[Result "1/2-1/2"]
[WhiteElo "2125"]
[BlackElo "2128"]
[PlyCount "110"]
[EventDate "2023.12.02"]

1. e4 e5 2. Nf3 Nc6 3. Bc4 Nf6 4. d4 exd4 5. O-O Nxe4 6. Re1 d5 7. Bxd5 Qxd5 8.
Nc3 Qh5 9. Nxe4 Be6 10. Bg5 Bb4 11. c3 dxc3 12. bxc3 Ba5 13. Nc5 O-O 14. Nxe6
fxe6 15. Bd2 Rad8 16. Qe2 e5 17. Rad1 h6 18. Qe4 Qf5 19. Qa4 Kh8 20. Kh1 Bb6
21. Be3 Rxd1 22. Qxd1 Rd8 23. Qa4 Bxe3 24. Rxe3 b5 25. Qxb5 Rd1+ 26. Re1 Rxe1+
27. Nxe1 Qxf2 28. Nf3 Qb6 29. Qd5 Qb1+ 30. Ng1 Qg6 31. h4 Qd6 32. Qf7 Qe7 33.
Qc4 Nd8 34. Qe4 Qe6 35. Nf3 Nf7 36. h5 c6 37. c4 Qf6 38. Nh4 Kg8 39. Ng6 Qg5
40. g4 Qc1+ 41. Kg2 Qd2+ 42. Kf1 Qd1+ 43. Kf2 Qd2+ 44. Kf1 Qc1+ 45. Kg2 Qb2+
46. Kf1 Qa1+ 47. Qe1 Qxa2 48. Qb4 Qa1+ 49. Kg2 Kh7 50. Qb8 Qa2+ 51. Kg3 Qa5 52.
Nf8+ Kg8 53. Ng6+ Kh7 54. Nf8+ Kg8 55. Ne6+ Kh7 1/2-1/2

[Event "55smm A Ehrenburg-Arci"]
[Site "?"]
[Date "2023.12.02"]
[Round "3.3"]
[White "Perino, Alberto"]
[Black "Hengl, Philip"]
[Result "1-0"]
[WhiteElo "1927"]
[BlackElo "1952"]
[PlyCount "61"]
[EventDate "2023.12.02"]

1. e4 c6 2. d4 d5 3. exd5 cxd5 4. Bd3 Nc6 5. c3 Nf6 6. Bf4 Bg4 7. Qb3 Qd7 8.
Nd2 e6 9. Ngf3 Bd6 10. Bxd6 Qxd6 11. O-O O-O 12. Rae1 Bxf3 13. Nxf3 Rab8 14.
Ne5 b5 15. a3 a5 16. f4 b4 17. axb4 axb4 18. Qd1 bxc3 19. bxc3 Ne7 20. g4 Rb2
21. Re3 Rc8 22. g5 Ne4 23. Bxe4 dxe4 24. Rh3 g6 25. Qe1 Nf5 26. Ng4 e3 27. Nf6+
Kf8 28. Rxh7 Ke7 29. Qa1 Rcb8 30. Rh8 e2 31. Qa7+ 1-0

[Event "55smm A Ehrenburg-Arci"]
[Site "?"]
[Date "2023.12.02"]
[Round "3.4"]
[White "Babinetz, Rainer"]
[Black "Zammarchi, Massimo"]
[Result "1/2-1/2"]
[WhiteElo "1915"]
[BlackElo "1934"]
[PlyCount "164"]
[EventDate "2023.12.02"]

1. Nf3 g6 2. g3 Bg7 3. Bg2 f5 4. d3 Nf6 5. c4 d6 6. Nc3 e5 7. Qc2 Nc6 8. e3 O-O
9. a3 Kh8 10. O-O a6 11. b4 Be6 12. Bb2 h6 13. Rac1 Qe8 14. Ne2 Bd7 15. Nd2 g5
16. Rfe1 Qh5 17. f4 Ng4 18. Nf1 Rab8 19. b5 Ne7 20. h3 Nf6 21. fxe5 Ne8 22.
exd6 cxd6 23. Bxg7+ Nxg7 24. a4 f4 25. gxf4 Bxh3 26. Neg3 Qh4 27. fxg5 Bxg2 28.
Qxg2 Qxg5 29. Ne4 Qh4 30. Qg3 Qh5 31. Nh2 Ngf5 32. Qf3 Rg8+ 33. Kh1 Qxf3+ 34.
Nxf3 Rbf8 35. Nh2 Ng3+ 36. Nxg3 Rxg3 37. Rg1 Rxe3 38. Rce1 Rxe1 39. Rxe1 Nf5
40. Re6 Kg7 41. Kg2 Kf7 42. Re4 Kf6 43. Ng4+ Kg5 44. Nh2 h5 45. Nf3+ Kf6 46. d4
Rg8+ 47. Kf2 Rg4 48. Re8 axb5 49. Rf8+ Kg6 50. c5 dxc5 51. Ne5+ Kg5 52. Nxg4
hxg4 53. dxc5 bxa4 54. Rb8 Kf6 55. Rxb7 Ke6 56. c6 g3+ 57. Kg1 a3 58. Ra7 Kd6
59. c7 Kd7 60. Ra5 a2 61. Rxa2 Kxc7 62. Ra5 Ne3 63. Re5 Ng4 64. Rg5 Ne3 65.
Rxg3 Nd5 66. Rg6 Kd7 67. Kf2 Ke7 68. Ra6 Nc7 69. Rh6 Ne6 70. Ke3 Kf7 71. Ke4
Ng7 72. Ke5 Ne8 73. Ra6 Ng7 74. Rf6+ Ke7 75. Rh6 Kf7 76. Rh7 Kg6 77. Rh1 Kf7
78. Rf1+ Ke7 79. Rf6 Ne8 80. Ra6 Kd7 81. Ra7+ Nc7 82. Kf6 Kc6 1/2-1/2

[Event "55smm A Ehrenburg-Arci"]
[Site "?"]
[Date "2023.12.02"]
[Round "3.5"]
[White "De Nisi, Roberta"]
[Black "Gruber, Alexander"]
[Result "0-1"]
[WhiteElo "1800"]
[BlackElo "1856"]
[PlyCount "100"]
[EventDate "2023.12.02"]

1. d4 d5 2. c4 e6 3. Nc3 Nf6 4. cxd5 exd5 5. Bg5 c6 6. Qc2 Bd6 7. Bxf6 Qxf6 8.
Nxd5 Qxd4 9. Rd1 Bb4+ 10. Nxb4 Qxb4+ 11. Qd2 Qb6 12. Qd6 Be6 13. Nf3 Na6 14.
Qa3 Nb4 15. Qc3 O-O 16. a3 Nd5 17. Qc1 Nf6 18. e3 Bb3 19. Rd4 c5 20. Rh4 Qa5+
21. Qc3 Qxc3+ 22. bxc3 Rad8 23. Be2 Nd5 24. c4 Nc3 25. Nd2 Bc2 26. Rh5 Rd6 27.
Bf3 Rfd8 28. Bd5 g6 29. Re5 Nxd5 30. cxd5 Rxd5 31. Rxd5 Rxd5 32. Ke2 c4 33. Rc1
Bd3+ 34. Kd1 b5 35. Ke1 a5 36. Nf3 b4 37. axb4 axb4 38. Ra1 b3 39. Ra8+ Kg7 40.
Rb8 Bc2 41. Nd4 c3 42. Rb7 Rxd4 43. exd4 b2 44. f3 b1=Q+ 45. Rxb1 Bxb1 46. Kd1
Kf6 47. Kc1 Bd3 48. g3 Ke6 49. h4 Kd5 50. g4 Kxd4 0-1

[Event "55smm A Ehrenburg-Arci"]
[Site "?"]
[Date "2023.12.02"]
[Round "3.6"]
[White "Mairhofer, Lino"]
[Black "Niederstaetter, Harald"]
[Result "1-0"]
[WhiteElo "1765"]
[BlackElo "1869"]
[PlyCount "77"]
[EventDate "2023.12.02"]

1. e4 c6 2. c4 d5 3. exd5 cxd5 4. cxd5 Nf6 5. Nc3 Nxd5 6. d4 Nc6 7. Nf3 Bg4 8.
Be3 e6 9. Be2 Be7 10. O-O O-O 11. Rc1 Rc8 12. Nxd5 Qxd5 13. a3 a6 14. Qa4 Ra8
15. h3 Bh5 16. Qd1 b5 17. Rxc6 Qxc6 18. Ne5 Bxe2 19. Nxc6 Bxd1 20. Nxe7+ Kh8
21. Rxd1 Ra7 22. Nc6 Rc7 23. Nb4 a5 24. Nd3 Rd8 25. Kf1 Kg8 26. Ke2 Kf8 27. Nc5
Ke7 28. f4 Rd5 29. g4 Rc8 30. Rd2 g6 31. Ne4 b4 32. a4 Rc1 33. Bf2 h6 34. h4 f5
35. gxf5 Rxf5 36. Ke3 Ra1 37. Nc5 Rc1 38. Re2 Kd6 39. Kd2 1-0

[Event "55smm A Klausen-Deutschnofen"]
[Site "?"]
[Date "2023.12.02"]
[Round "3.1"]
[White "Zamengo, Fulvio"]
[Black "Schacher, Gerd"]
[Result "1/2-1/2"]
[WhiteElo "2345"]
[BlackElo "2253"]
[PlyCount "103"]
[EventDate "2023.12.02"]

1. d4 g6 2. e4 Bg7 3. Nc3 c5 4. dxc5 Bxc3+ 5. bxc3 Qa5 6. Qd4 Nf6 7. Qb4 Qc7 8.
Nf3 Nc6 9. Qa4 Ne5 10. Qd4 Nc6 11. Qe3 b6 12. Bd3 bxc5 13. Qxc5 d6 14. Qa3 O-O
15. O-O Rb8 16. Bg5 Ng4 17. Rab1 Be6 18. h3 Nge5 19. Nd4 Nxd4 20. cxd4 Nxd3 21.
cxd3 f6 22. Bh6 Rxb1 23. Rxb1 Rb8 24. Rc1 Qb7 25. d5 Bd7 26. Qa5 Kf7 27. Rc7
Qb1+ 28. Kh2 Rb7 29. Rc1 Qb6 30. Qd2 Rc7 31. Be3 Qb7 32. Bd4 a6 33. Rxc7 Qxc7
34. Qh6 Kg8 35. g4 Bb5 36. g5 Qc1 37. Be3 Qc3 38. d4 Qc7 39. gxf6 exf6 40. Bf4
Bd3 41. Qh4 g5 42. Qg4 Qc2 43. Qe6+ Kg7 44. Qe7+ Kg6 45. Qe8+ Kg7 46. Qd7+ Kg8
47. Be3 Bxe4 48. Qe8+ Kg7 49. Qe7+ Kg6 50. Qe8+ Kg7 51. Qe7+ Kg6 52. Qe8+
1/2-1/2

[Event "55smm A Klausen-Deutschnofen"]
[Site "?"]
[Date "2023.12.02"]
[Round "3.2"]
[White "Seebacher, Michael"]
[Black "Dappiano, Andrea"]
[Result "0-1"]
[WhiteElo "2087"]
[BlackElo "2274"]
[PlyCount "106"]
[EventDate "2023.12.02"]

1. d4 e6 2. Bf4 Nf6 3. e3 d5 4. Nd2 c5 5. c3 Nc6 6. Ngf3 Bd6 7. Bg3 O-O 8. Bd3
b6 9. Qe2 Bb7 10. Ne5 Ne7 11. O-O Nf5 12. f4 Ne4 13. Nxe4 dxe4 14. Bc4 Bd5 15.
Bb3 f6 16. Nc4 b5 17. Nxd6 Qxd6 18. Bxd5 exd5 19. Qxb5 c4 20. Bf2 Rfb8 21. Qa4
Rxb2 22. g4 Nh6 23. h3 Qb6 24. Bg3 Nf7 25. h4 Nh6 26. g5 Qe6 27. Rab1 Rxb1 28.
Rxb1 Qg4 29. gxh6 Qxg3+ 30. Kh1 Qf3+ 31. Kg1 Qxe3+ 32. Kf1 Qf3+ 33. Kg1 Qg3+
34. Kh1 Qxh4+ 35. Kg2 Qg4+ 36. Kf1 Qh3+ 37. Kg1 Qxh6 38. Qc6 Qg6+ 39. Kf1 Rd8
40. Qc7 Re8 41. Rb8 e3 42. Rxe8+ Qxe8 43. Qd6 Qb5 44. Ke2 Qb2+ 45. Kxe3 Qxc3+
46. Ke2 Qd3+ 47. Ke1 Qe4+ 48. Kf1 h6 49. a4 c3 50. Qc7 c2 51. a5 Qf3+ 52. Kg1
Qe3+ 53. Kg2 c1=Q 0-1

[Event "55smm A Klausen-Deutschnofen"]
[Site "?"]
[Date "2023.12.02"]
[Round "3.3"]
[White "Gennari, Jacopo"]
[Black "Bodrov, Timofey"]
[Result "1-0"]
[WhiteElo "2116"]
[BlackElo "2111"]
[PlyCount "53"]
[EventDate "2023.12.02"]

1. d4 Nf6 2. c4 e6 3. Nf3 c5 4. d5 b5 5. dxe6 fxe6 6. cxb5 d5 7. e3 Bd6 8. Bd3
e5 9. Ng5 e4 10. Be2 h6 11. Bh5+ Ke7 12. Nf7 Qf8 13. Nxh8 Qxh8 14. Nc3 Be6 15.
O-O Nbd7 16. Be2 h5 17. f3 g5 18. fxe4 dxe4 19. Qc2 Qh7 20. b3 g4 21. Bc4 Rg8
22. Bb2 g3 23. h3 Ne5 24. Rxf6 Kxf6 25. Nxe4+ Ke7 26. Bxe6 Rf8 27. Bxe5 1-0

[Event "55smm A Klausen-Deutschnofen"]
[Site "?"]
[Date "2023.12.02"]
[Round "3.4"]
[White "Seebacher, Reinhard"]
[Black "Lain, Luigi"]
[Result "0-1"]
[WhiteElo "1931"]
[BlackElo "2243"]
[PlyCount "80"]
[EventDate "2023.12.02"]

1. e4 e5 2. Nf3 Nc6 3. Bb5 a6 4. Bxc6 dxc6 5. O-O Bd6 6. d3 Bg4 7. Be3 Ne7 8.
h3 Bh5 9. Nbd2 Qd7 10. Nc4 f6 11. c3 O-O-O 12. Qe2 g5 13. Rfd1 Ng6 14. Nxd6+
cxd6 15. g4 Nf4 16. Bxf4 gxf4 17. Nh2 Bf7 18. f3 h5 19. Rf1 hxg4 20. hxg4 Rdg8
21. Rf2 f5 22. exf5 Qxf5 23. c4 Qf6 24. Re1 Re8 25. b4 Qh4 26. Rg2 Bg6 27. Rd1
Kb8 28. a4 Qd8 29. a5 Rh7 30. Qd2 d5 31. Qc1 Reh8 32. Qb2 Qd6 33. Rdd2 Qe6 34.
b5 dxc4 35. dxc4 Qxc4 36. Qxe5+ Ka8 37. Qd4 cxb5 38. g5 Qc7 39. Ng4 Rh1+ 40.
Kf2 Qc1 0-1

[Event "55smm A Klausen-Deutschnofen"]
[Site "?"]
[Date "2023.12.02"]
[Round "3.5"]
[White "Micheli, Carlo"]
[Black "Schrott, Karl"]
[Result "1-0"]
[WhiteElo "2177"]
[BlackElo "1927"]
[PlyCount "77"]
[EventDate "2023.12.02"]

1. c4 c5 2. Nc3 Nc6 3. g3 g6 4. Bg2 Bg7 5. d3 Nf6 6. e3 d6 7. Nge2 h5 8. h4 O-O
9. Rb1 Bd7 10. a3 Qc8 11. Nf4 Re8 12. b4 Rb8 13. b5 Na5 14. Bd2 b6 15. O-O Qd8
16. Nce2 Bc8 17. Bc3 Bb7 18. e4 Ng4 19. Bxg7 Kxg7 20. Qd2 e6 21. Nc3 Nf6 22.
Qe2 Qc7 23. Nh3 Rbd8 24. f4 d5 25. e5 Ng4 26. cxd5 exd5 27. Nf2 Nh6 28. g4 hxg4
29. Nxg4 Nf5 30. Nf6 Rh8 31. Ncxd5 Bxd5 32. Nxd5 Qd7 33. Qb2 Nd4 34. f5 Rxh4
35. fxg6 fxg6 36. Qf2 Rg4 37. Nf6 Rxg2+ 38. Qxg2 Qe6 39. Nh5+ 1-0

[Event "55smm A Klausen-Deutschnofen"]
[Site "?"]
[Date "2023.12.02"]
[Round "3.6"]
[White "Schrott, Johann"]
[Black "Thurner, Markus"]
[Result "0-1"]
[WhiteElo "1763"]
[BlackElo "1918"]
[PlyCount "66"]
[EventDate "2023.12.02"]

1. e4 e6 2. d4 d5 3. Nd2 Nf6 4. e5 Nfd7 5. f4 c5 6. c3 Nc6 7. Ndf3 Qb6 8. g3
cxd4 9. cxd4 Bb4+ 10. Kf2 f6 11. Kg2 Be7 12. b3 Nf8 13. Bb2 Bd7 14. Bd3 f5 15.
Rc1 h6 16. h4 a5 17. a3 Na7 18. Ne2 Bb5 19. Bxb5+ Nxb5 20. a4 Na7 21. Ne1 Nd7
22. Nd3 O-O 23. Kh3 h5 24. Rh2 g6 25. Rf2 Rac8 26. Rxc8 Rxc8 27. Nc3 Kf7 28.
Kg2 Qxd4 29. Nb5 Qe4+ 30. Kh2 Nxb5 31. Re2 Qf3 32. axb5 Nc5 33. Ne1 Qxb3 0-1

[Event "55smm A Richter/Lask-Steinegg"]
[Site "?"]
[Date "2023.12.02"]
[Round "3.1"]
[White "Engl, Stefan"]
[Black "De Eccher, Stefano"]
[Result "1-0"]
[WhiteElo "1992"]
[BlackElo "2175"]
[PlyCount "63"]
[EventDate "2023.12.02"]

1. e4 c5 2. Nc3 Nc6 3. f4 g6 4. Nf3 Bg7 5. Bb5 Nd4 6. O-O a6 7. Bd3 d6 8. Nxd4
cxd4 9. Ne2 e6 10. f5 Nh6 11. Qe1 O-O 12. fxe6 Bxe6 13. Nf4 Qg5 14. Be2 Qc5 15.
d3 Bg4 16. h3 Bxe2 17. Qxe2 Rac8 18. Rf2 Rfe8 19. Nd5 Re6 20. Bg5 Kh8 21. Qd2
Ng8 22. Rxf7 h6 23. Bh4 Qxc2 24. Qxc2 Rxc2 25. Rxb7 g5 26. Bg3 Rd2 27. Rf1 Rxd3
28. Rff7 Rg6 29. Bxd6 Rxd6 30. Rxg7 Nf6 31. Rgf7 Ne8 32. Rf8# 1-0

[Event "55smm A Richter/Lask-Steinegg"]
[Site "?"]
[Date "2023.12.02"]
[Round "3.2"]
[White "Moncher, Stefano"]
[Black "Pichler, Martin"]
[Result "1/2-1/2"]
[WhiteElo "2168"]
[BlackElo "1888"]
[PlyCount "143"]
[EventDate "2023.12.02"]

1. e4 g6 2. d4 Bg7 3. Nc3 d6 4. g3 Nc6 5. Be3 e5 6. d5 Nd4 7. Bg2 Nh6 8. h3 f5
9. Qd2 Nf7 10. Nge2 Nxe2 11. Qxe2 Bd7 12. O-O-O b5 13. exf5 gxf5 14. Qh5 O-O
15. f4 a5 16. Ne2 b4 17. g4 Qe8 18. Rhe1 a4 19. gxf5 Nh6 20. Qxe8 Raxe8 21. f6
Rxf6 22. fxe5 dxe5 23. Rg1 Nf5 24. Bc5 Bb5 25. Bf3 Kh8 26. Bh5 Rb8 27. Rdf1 b3
28. axb3 axb3 29. Rf2 Bh6+ 30. Kb1 Bxe2 31. Bxe2 bxc2+ 32. Kxc2 Be3 33. Rxf5
Bxg1 34. Rxf6 Bxc5 35. Rf7 Bd4 36. b3 Rd8 37. Bf3 Bb6 38. Be4 Kg8 39. Rxh7 Rf8
40. Rh5 Bd4 41. Rg5+ Kf7 42. h4 Rh8 43. h5 Rg8 44. Rxg8 Kxg8 45. h6 Bc5 46. h7+
Kg7 47. Kd3 Bb6 48. Kc4 Bf2 49. Kb5 Be1 50. Kc5 Kh8 51. b4 Kg7 52. b5 Ba5 53.
Kc6 Kh8 54. Kd7 Kg7 55. Kc8 Kh8 56. Kb7 Kg7 57. Ka6 Bb4 58. Kb7 Ba5 59. Kc8 Kh8
60. Kd7 Kg7 61. Ke7 Bb4+ 62. Ke6 Bc3 63. d6 cxd6 64. b6 Bd4 65. b7 Ba7 66. Kxd6
Bb8+ 67. Kd7 Kh8 68. Ke6 Kg7 69. Ke7 Kh8 70. Kf7 Ba7 71. Kg6 Bb8 72. Kf6
1/2-1/2

[Event "55smm A Richter/Lask-Steinegg"]
[Site "?"]
[Date "2023.12.02"]
[Round "3.3"]
[White "Engl, Alexander"]
[Black "Bevilacqua, Maurizio"]
[Result "0-1"]
[WhiteElo "1845"]
[BlackElo "2027"]
[PlyCount "98"]
[EventDate "2023.12.02"]

1. f4 g6 2. Nf3 d5 3. g3 Bg7 4. Bg2 c5 5. O-O Nc6 6. d3 d4 7. Nbd2 Nh6 8. Ne4
Qb6 9. h3 O-O 10. g4 f5 11. g5 Nf7 12. Ned2 Be6 13. b3 Qc7 14. Nc4 Rad8 15. Rb1
b5 16. Ncd2 Nb4 17. Nh2 Bd5 18. Ndf3 Nxa2 19. Bd2 Nc3 20. Bxc3 dxc3 21. e3 e5
22. fxe5 Nxe5 23. Nxe5 Bxe5 24. Nf3 Bg7 25. Qe2 Rfe8 26. Kh1 Re7 27. Rbe1 Rde8
28. Qf2 a5 29. Nh4 Bxg2+ 30. Nxg2 Be5 31. Qf3 Qd6 32. e4 f4 33. Qg4 Rf7 34. Ra1
Ra8 35. Ne1 a4 36. bxa4 b4 37. Nf3 Bd4 38. Rfb1 Be3 39. h4 Qd7 40. Ne5 Qxg4 41.
Nxg4 Rfa7 42. Nxe3 fxe3 43. Kg2 Rxa4 44. Rxa4 Rxa4 45. Kf3 Ra2 46. Rc1 e2 47.
Ke3 Rxc2 48. Ra1 Ra2 49. Rc1 b3 0-1

[Event "55smm A Richter/Lask-Steinegg"]
[Site "?"]
[Date "2023.12.02"]
[Round "3.4"]
[White "Billio, Atto"]
[Black "Schroffenegger, Simon"]
[Result "1-0"]
[WhiteElo "2004"]
[BlackElo "1581"]
[PlyCount "57"]
[EventDate "2023.12.02"]

1. Nf3 Nf6 2. b3 Nc6 3. Bb2 d6 4. d4 Bf5 5. Nh4 Qd7 6. f3 a6 7. Nxf5 Qxf5 8. e4
Qg5 9. d5 Qe3+ 10. Be2 Ne5 11. Bd4 Qh6 12. O-O g5 13. Nd2 Bg7 14. Rc1 g4 15. f4
g3 16. h3 Ng6 17. Be3 e5 18. dxe6 fxe6 19. Nc4 Qh4 20. f5 exf5 21. exf5 Ne7 22.
Rf4 Qg5 23. Rg4 Qxf5 24. Rxg7 Ned5 25. Rg5 Qe6 26. Bd4 b5 27. Rxd5 Nxd5 28. Bg4
Qf7 29. Bh5 1-0

[Event "55smm A Richter/Lask-Steinegg"]
[Site "?"]
[Date "2023.12.02"]
[Round "3.5"]
[White "Lantschner, Arnold"]
[Black "Buglisi, Massimo"]
[Result "0-1"]
[WhiteElo "1331"]
[BlackElo "1911"]
[PlyCount "60"]
[EventDate "2023.12.02"]

1. e4 d6 2. Nc3 Nf6 3. Nf3 g6 4. Be2 Bg7 5. d3 c5 6. O-O Nc6 7. Be3 O-O 8. Qd2
Ng4 9. h3 Nxe3 10. fxe3 a6 11. d4 b5 12. Rab1 b4 13. Nd1 Qb6 14. d5 Ne5 15. b3
a5 16. Nb2 Nxf3+ 17. Rxf3 Bxb2 18. Rxb2 a4 19. Rb1 axb3 20. axb3 Ra2 21. Qd1
Ba6 22. Bxa6 Qxa6 23. g4 c4 24. Rf2 cxb3 25. cxb3 Rc8 26. Kg2 Rxf2+ 27. Kxf2
Qa2+ 28. Kg3 Rc2 29. Rc1 Rg2+ 30. Kh4 Qf2+ 0-1

[Event "55smm A Richter/Lask-Steinegg"]
[Site "?"]
[Date "2023.12.02"]
[Round "3.6"]
[White "Pardeller, Arthur"]
[Black "Schgaguler, Guenther"]
[Result "1-0"]
[WhiteElo "1516"]
[BlackElo "1487"]
[PlyCount "99"]
[EventDate "2023.12.02"]

1. d4 e6 2. c4 f5 3. Nc3 Nf6 4. Nf3 Be7 5. e3 O-O 6. Bd3 b6 7. O-O Bb7 8. a3
Qe8 9. h3 Qg6 10. Nh4 Qh6 11. Nf3 Qg6 12. Be2 Ne4 13. Nb5 Bd6 14. Nxd6 Nxd6 15.
b4 Ne4 16. Bb2 d6 17. d5 e5 18. Nh2 Bc8 19. Bh5 Qh6 20. f4 Ng3 21. Be2 Nxf1 22.
Qxf1 Nd7 23. Qc1 e4 24. Nf1 Nf6 25. Ng3 Bd7 26. Qc3 Rae8 27. Qd4 Qg6 28. Kh2
Re7 29. Rc1 Qf7 30. Bd1 Ne8 31. Bh5 Qf6 32. Qd2 Qh6 33. c5 bxc5 34. bxc5 Nf6
35. cxd6 cxd6 36. Bd1 Qg6 37. Rc7 Qf7 38. Rxa7 Qe8 39. a4 Qb8 40. Qd4 Ref7 41.
a5 Bc8 42. Rxf7 Rxf7 43. Ba3 Ra7 44. Bxd6 Qb7 45. Be5 Rxa5 46. Bxf6 gxf6 47.
Nh5 Qf7 48. Nxf6+ Kf8 49. Qb4+ Kg7 50. Nh5+ 1-0

[Event "55smm A Richter/Lask2-Tramin/Kaltern"]
[Site "?"]
[Date "2023.12.02"]
[Round "3.1"]
[White "Panjkovic, Aleksandar"]
[Black "Pangrazzi, Marco"]
[Result "0-1"]
[WhiteElo "2072"]
[BlackElo "2154"]
[PlyCount "140"]
[EventDate "2023.12.02"]

1. g3 Nf6 2. Bg2 g6 3. c4 Bg7 4. Nc3 O-O 5. e4 d6 6. Nge2 e5 7. O-O Nbd7 8. d3
c6 9. h3 Nc5 10. Be3 Ne6 11. Qd2 Nc7 12. d4 Be6 13. b3 Qe7 14. Kh2 Rfd8 15. f4
exd4 16. Nxd4 Bd7 17. Rae1 h6 18. e5 Nfe8 19. Qf2 dxe5 20. fxe5 Bxe5 21. Bxh6
Bxd4 22. Qxd4 Ne6 23. Qf2 Nd6 24. Be4 f5 25. Bb1 Re8 26. Bf4 Nf7 27. h4 Qf6 28.
Nd1 Nxf4 29. Qxf4 Ne5 30. Nf2 Re7 31. Rd1 Rae8 32. Rd2 Kg7 33. Ne4 Qf8 34. Nd6
Ng4+ 35. Kg1 Rb8 36. Qg5 c5 37. h5 Qf6 38. Qxf6+ Kxf6 39. Ne4+ Kg7 40. Nxc5 Bc6
41. Rd6 Nf6 42. Ne6+ Rxe6 43. Rxe6 Nxh5 44. g4 Ng3 45. gxf5 gxf5 46. Rfe1 Rh8
47. Kf2 f4 48. Rxc6 bxc6 49. Kf3 Rh4 50. Be4 c5 51. Bd5 Nf5 52. Rg1+ Kf6 53.
Ke4 Nd6+ 54. Kf3 Kf5 55. Rg8 Ke5 56. Rg5+ Nf5 57. Rg8 Rh3+ 58. Kf2 Rh2+ 59. Bg2
Ne3 60. Kg1 Rxg2+ 61. Rxg2 Nxg2 62. Kxg2 Ke4 63. Kf2 a5 64. Ke2 f3+ 65. Kf2 Kf4
66. a3 Ke4 67. b4 cxb4 68. c5 Kd5 69. axb4 axb4 70. Kxf3 b3 0-1

[Event "55smm A Richter/Lask2-Tramin/Kaltern"]
[Site "?"]
[Date "2023.12.02"]
[Round "3.3"]
[White "Maier, Fridolin"]
[Black "Fongarolli, Diego"]
[Result "0-1"]
[WhiteElo "1778"]
[BlackElo "1883"]
[PlyCount "54"]
[EventDate "2023.12.02"]

1. e4 c5 2. Nc3 d6 3. f4 Nc6 4. Nf3 g6 5. Bb5 Bd7 6. Bc4 Bg7 7. O-O e6 8. d3
Nge7 9. Qe1 Nd4 10. Bb3 O-O 11. Qh4 a5 12. a4 Nec6 13. Qh3 Nb4 14. Nxd4 cxd4
15. Nb5 Qb6 16. f5 exf5 17. Bh6 Qc5 18. Rf4 Rad8 19. Raf1 Qe5 20. exf5 Bxh6 21.
Qxh6 Qe3+ 22. Kh1 Bxf5 23. R1f3 Qe1+ 24. Rf1 Qe3 25. Nxd4 d5 26. Nxf5 gxf5 27.
Rg4+ fxg4 0-1

[Event "55smm A Richter/Lask2-Tramin/Kaltern"]
[Site "?"]
[Date "2023.12.02"]
[Round "3.4"]
[White "Kowalczyk, Martin"]
[Black "Bertagnolli, Gerhard"]
[Result "0-1"]
[WhiteElo "1753"]
[BlackElo "1855"]
[PlyCount "96"]
[EventDate "2023.12.02"]

1. e4 c5 2. Nf3 e6 3. b3 d6 4. Bb2 Nf6 5. e5 dxe5 6. Nxe5 a6 7. Bd3 Qc7 8. O-O
Bd6 9. f4 O-O 10. Qf3 Be7 11. Nc3 b5 12. Ne4 Bb7 13. Nxf6+ Bxf6 14. Qh3 g6 15.
Rae1 Bg7 16. Re3 Nc6 17. Qh4 Qd8 18. Qe1 Nb4 19. a3 Nxd3 20. Rxd3 Qc8 21. Rh3
Qd8 22. Rd3 Qc8 23. Qh4 h6 24. Rh3 Qd8 25. Qf2 Qe7 26. d4 Rfc8 27. dxc5 Qxc5
28. Bd4 Qxc2 29. Qg3 Qe4 30. Rd1 Rc2 31. Bf2 Rac8 32. Nf3 Rc1 33. Re1 Rxe1+ 34.
Nxe1 Rc1 35. Kf1 a5 36. Qe3 Qxg2+ 37. Ke2 Qc6 38. f5 exf5 39. Qa7 b4 40. Qb8+
Kh7 41. Be3 Rxe1+ 42. Kxe1 Qh1+ 43. Ke2 Qg2+ 44. Bf2 Qxh3 45. Qxb7 Qxb3 46.
axb4 Qc4+ 47. Kd1 axb4 48. Be1 b3 0-1

[Event "55smm A Richter/Lask2-Tramin/Kaltern"]
[Site "?"]
[Date "2023.12.02"]
[Round "3.5"]
[White "Thaler, Elmar"]
[Black "Unterweger, Jonas"]
[Result "0-1"]
[WhiteElo "1782"]
[BlackElo "1731"]
[PlyCount "76"]
[EventDate "2023.12.02"]

1. d4 d5 2. c4 e6 3. Nf3 Nf6 4. Nc3 Be7 5. Bg5 O-O 6. e3 h6 7. Bh4 b6 8. Bd3
Bb7 9. O-O Nbd7 10. Rc1 Ne4 11. Bxe7 Qxe7 12. cxd5 exd5 13. Qc2 c5 14. Rfd1
Nxc3 15. Qxc3 c4 16. Be2 Rfc8 17. a4 a6 18. b3 b5 19. bxc4 bxc4 20. Rb1 Bc6 21.
a5 Nf6 22. Nd2 Rab8 23. Bf3 Bd7 24. e4 Rxb1 25. Rxb1 dxe4 26. Be2 Nd5 27. Qc2
e3 28. Nf3 exf2+ 29. Kxf2 Qe3+ 30. Kg3 Nc3 31. h3 Nxe2+ 32. Kh2 Qf4+ 33. Kh1
Ng3+ 34. Kg1 Bf5 35. Qd1 Bxb1 36. Qxb1 Ne2+ 37. Kf2 Nxd4 38. Qb7 Rb8 0-1

[Event "55smm A Richter/Lask2-Tramin/Kaltern"]
[Site "?"]
[Date "2023.12.02"]
[Round "3.6"]
[White "Unterweger, Christian"]
[Black "Florian, Andreas"]
[Result "1-0"]
[WhiteElo "1533"]
[BlackElo "1573"]
[PlyCount "51"]
[EventDate "2023.12.02"]

1. d4 e6 2. c4 d5 3. Nc3 Nf6 4. e3 Be7 5. Nf3 c6 6. Bd3 dxc4 7. Bxc4 b5 8. Bd3
a6 9. a3 Bb7 10. O-O O-O 11. e4 Ne8 12. Qc2 f6 13. Ne2 Nd7 14. Qb3 Nc7 15. Nf4
c5 16. Nxe6 Nxe6 17. Qxe6+ Kh8 18. d5 Re8 19. Bf4 c4 20. Bc2 Bc8 21. d6 Nb6 22.
dxe7 Rxe7 23. Qd6 Rd7 24. Qb4 g5 25. Be3 f5 26. Bxb6 1-0

[Event "55smm B Kaltern/Tramin2-Arci3"]
[Site "?"]
[Date "2023.12.02"]
[Round "3.1"]
[White "Gheser, Amir"]
[Black "Unterkofler, Alex"]
[Result "0-1"]
[WhiteElo "1702"]
[BlackElo "1756"]
[PlyCount "61"]
[EventDate "2023.12.02"]

1. e4 c5 2. Nc3 g6 3. Nge2 Bg7 4. d4 cxd4 5. Nxd4 Nc6 6. Be3 Nf6 7. Bc4 O-O 8.
Bb3 d6 9. h3 Bd7 10. O-O a6 11. Qd2 b5 12. a3 Rc8 13. Rfe1 Na5 14. Rad1 Nc4 15.
Bxc4 Rxc4 16. f3 Nh5 17. Nde2 Qc8 18. Nd5 Qd8 19. c3 Be6 20. Nef4 Nxf4 21. Nxf4
Qd7 22. Ne2 Rfc8 23. Bd4 a5 24. Bxg7 Kxg7 25. e5 Qa7+ 26. Nd4 b4 27. Qe3 Qc5
28. cxb4 axb4 29. exd6 exd6 30. b3 Rc3 31. Qxe6 0-1

[Event "55smm B Kaltern/Tramin2-Arci3"]
[Site "?"]
[Date "2023.12.02"]
[Round "3.4"]
[White "Spitaler, David"]
[Black "Danti, Alessandro"]
[Result "1-0"]
[WhiteElo "1566"]
[BlackElo "1545"]
[PlyCount "70"]
[EventDate "2023.12.02"]

1. d4 Nf6 2. Nf3 d6 3. Nc3 g6 4. e3 Bg7 5. Be2 O-O 6. O-O Nbd7 7. Re1 c5 8. Bd2
a6 9. a3 cxd4 10. Nxd4 Ne5 11. Nf3 Nxf3+ 12. Bxf3 Qc7 13. Rb1 e6 14. e4 e5 15.
Qc1 Be6 16. Bg5 Rac8 17. Bh6 Qc5 18. Bxg7 Kxg7 19. Qd1 h6 20. Re2 Nh7 21. Rd2
Rfd8 22. Bg4 Rc7 23. Bxe6 fxe6 24. Qe2 Rf7 25. Kh1 Nf6 26. f3 Nh5 27. Rbd1 Nf4
28. Qe1 b5 29. Qf2 Qc7 30. Ne2 Rfd7 31. Nxf4 exf4 32. Qd4+ e5 33. Qb4 Kf6 34.
Qb3 Qc5 35. Rd5 Ke7 1-0

[Event "55smm B Klausen2-Arci2"]
[Site "?"]
[Date "2023.12.02"]
[Round "3.2"]
[White "Pfeifhofer, Helmuth"]
[Black "Rizzardi, Roberto"]
[Result "1-0"]
[WhiteElo "1637"]
[BlackElo "1587"]
[PlyCount "54"]
[EventDate "2023.12.02"]

1. e4 d5 2. exd5 Qxd5 3. Nc3 Qd6 4. d4 c6 5. Be2 Nf6 6. Nf3 Bg4 7. h3 Bh5 8.
O-O e6 9. Ne5 Bxe2 10. Nxe2 Qc7 11. Bf4 Bd6 12. c4 Nbd7 13. Nd3 O-O 14. Rc1
Bxf4 15. Nexf4 Rfd8 16. Re1 Qa5 17. Qb3 Rab8 18. Re3 Nb6 19. Re5 Qa4 20. Nc5
Qxb3 21. Nxb3 Nbd7 22. Ree1 b6 23. Nd3 Rbc8 24. a4 c5 25. dxc5 Nxc5 26. Nbxc5
bxc5 27. Ne5 Rb8 {und wegen des kommenden 28.Sc6 gab Schwarz auf.} 1-0

[Event "55smm B Klausen2-Arci2"]
[Site "?"]
[Date "2023.12.02"]
[Round "3.5"]
[White "Addante, Francesco"]
[Black "Folie, Adrian"]
[Result "0-1"]
[WhiteElo "1342"]
[BlackElo "1121"]
[PlyCount "86"]
[EventDate "2023.12.02"]

1. e4 c6 2. d4 d5 3. e5 Bf5 4. h4 h5 5. Bg5 Qb6 6. Bd3 Qxd4 7. Nf3 Qb4+ 8. Nbd2
Bxd3 9. cxd3 e6 10. O-O Be7 11. a3 Qb6 12. b4 Bxg5 13. Nxg5 Ne7 14. Nb3 Nf5 15.
g3 Nxg3 16. Re1 Nf5 17. Nf3 Rh6 18. Nc5 Na6 19. d4 Nxc5 20. bxc5 Qc7 21. Qd2
Rg6+ 22. Kf1 Qe7 23. Rab1 Rb8 24. Qa5 a6 25. Red1 Nxh4 26. Nxh4 Qxh4 27. Rb3
Qh1+ 28. Ke2 Qe4+ 29. Kf1 Qg2+ 30. Ke2 Qg4+ 31. Ke1 Qh4 32. Kf1 Qd8 33. Qa4 h4
34. Rdb1 Qc7 35. Ke2 Rh6 36. Rh3 g5 37. Rg1 Qe7 38. f4 Rg6 39. Kf3 gxf4 40.
Rxg6 fxg6 41. Qc2 Qg5 42. Qh2 Qh5+ 43. Kf2 g5 0-1